| 000 | 00589nam a22002057a 4500 | ||
|---|---|---|---|
| 003 | 0 | ||
| 005 | 20230911144717.0 | ||
| 008 | 230811b xxu||||| |||| 00| 0 eng d | ||
| 020 | _a978-1-68094-893-6 | ||
| 050 |
_aTK 7868 _b.T413 2019 |
||
| 100 | _a3G E-Learning | ||
| 110 | _a3G E-Learning | ||
| 245 |
_a3G Handy guide : digital production and editing _c3G E-Learning |
||
| 260 |
_aNew York _b3G E-Learning LLC _cc2019 |
||
| 300 |
_a218 p. : _bcol. ill. ; _c24 cm. |
||
| 504 | _aIncludes index. | ||
| 650 | _aEditing. | ||
| 650 | _aDigital electronics. | ||
| 942 |
_2lcc _cBK |
||
| 999 |
_c365126 _d365126 |
||